00956nam a2200205 a 450000100100000000500170001000800410002702000150006804000250008308200150010810000330012324501640015626002360032030000340055649000170059050000740060750400310068170000210071283000170073300004149320201002034935.0131008s2006 sp ab 000 0 spa d a840008425X aDO-SdBNPbspacBNPHU axxxbF365j1 aFernández Esquinas, Manuel14aLos Jóvenes y la creación de Empresas :bactitudes y comportamientos emprendedores en la juventud andaluza /cManuel Fernández Esquinas, Jorge Ruiz Ruiz. aMadrid :bConsejo Superior de Investigaciones Científicas, Instituto de Estudios Sociales Avanzados de Andalucía : Junta de Andalucía, Consejería para la Igualdad y Bienestar Social, Instituto Andaluz de la Juventud,c2006. a355 p. :bil., maps ;c24 cm.1 aPoliteyav25 aIncluye referencias bibliográficas y notas al pie de las páginas. aBibliografía: p. 275-28512aRuiz Ruiz, Jorge 0aPoliteyan25